Economics : (Record no. 9050)

MARC details
000 -LEADER
fixed length control field 00708nam a22002297a 4500
003 - CONTROL NUMBER IDENTIFIER
control field OSt
005 - DATE AND TIME OF LATEST TRANSACTION
control field 20240703124107.0
008 - FIXED-LENGTH DATA ELEMENTS--GENERAL INFORMATION
fixed length control field 240703b |||||||| |||| 00| 0 eng d
020 ## - INTERNATIONAL STANDARD BOOK NUMBER
International Standard Book Number 0039229688
040 ## - CATALOGING SOURCE
Transcribing agency MUST
082 ## - DEWEY DECIMAL CLASSIFICATION NUMBER
Classification number 330 BAU 1994-
100 ## - MAIN ENTRY--PERSONAL NAME
Personal name Baumol, William J
9 (RLIN) 15362
245 ## - TITLE STATEMENT
Title Economics :
Remainder of title principles and policy /
Statement of responsibility, etc. William J. Baumol, Alan S. Blinder, William M. Scarth
250 ## - EDITION STATEMENT
Edition statement 4th.ed
260 ## - PUBLICATION, DISTRIBUTION, ETC. (IMPRINT)
Place of publication, distribution, etc. Toronto
Name of publisher, distributor, etc. Harcourt Brace &Company
Date of publication, distribution, etc. 1994
300 ## - PHYSICAL DESCRIPTION
Extent xl, 1059p.:
Other physical details col.ill ;
Dimensions 32 cm.
504 ## - BIBLIOGRAPHY, ETC. NOTE
Bibliography, etc Includes bibliographical references and index
650 ## - SUBJECT ADDED ENTRY--TOPICAL TERM
Topical term or geographic name as entry element Economics
9 (RLIN) 975
700 ## - ADDED ENTRY--PERSONAL NAME
Personal name Blinder, Alan S.
9 (RLIN) 18411
700 ## - ADDED ENTRY--PERSONAL NAME
Personal name Scarth, William M.
9 (RLIN) 18412
942 ## - ADDED ENTRY ELEMENTS (KOHA)
Source of classification or shelving scheme Dewey Decimal Classification
Koha item type Open Shelf
Holdings
Withdrawn status Lost status Source of classification or shelving scheme Damaged status Not for loan Home library Current library Date acquired Source of acquisition Inventory number Total Checkouts Full call number Barcode Date last seen Price effective from Koha item type
    Dewey Decimal Classification     MUST Main Library MUST Main Library 03/07/2024 Purchase 2005/24222   330 BAU 1994- 2024-21727 03/07/2024 03/07/2024 Open Shelf